[Event "Altenkirchen Seniors op 19th"]
[Site "Altenkirchen"]
[Date "2022.07.25"]
[Round "7"]
[White "Huelsmann, Josef"]
[Black "Waltenberger, Udo"]
[Result "1-0"]
[WhiteElo "2212"]
[BlackElo "1994"]
[PlyCount "59"]
[EventDate "2022.07.19"]
[EventType "swiss"]
[EventRounds "9"]
[EventCountry "GER"]
[SourceTitle "CBM 209 Extra"]
[Source "ChessBase"]
[SourceDate "2022.09.30"]
[SourceVersion "1"]
[SourceVersionDate "2022.09.30"]
[SourceQuality "1"]

1. d4 Nf6 2. Bg5 g6 3. Bxf6 exf6 4. e3 Bg7 5. g3 0-0 6. Bg2 d5 7. Ne2 c6 8. Nd2 Nd7 9. 0-0 f5 10. c4 dxc4 11. Nxc4 Nf6 12. Qc2 Be6 13. Nf4 Re8 14. b4 Qe7 15. Nxe6 Qxe6 16. Na5 Re7 17. Rab1 Rc8 18. Rfc1 Rec7 19. Qc4 Nd5 20. Nxb7 Nxe3 21. Qxe6 fxe6 22. Nd6 Nxg2 23. Nxc8 Rxc8 24. b5 Nh4 25. gxh4 Bxd4 26. Rxc6 Re8 27. a4 e5 28. a5 Rb8 29. b6 axb6 30. axb6 1-0

[Event "Altenkirchen Seniors op 19th"]
[Site "Altenkirchen"]
[Date "2022.07.24"]
[Round "6"]
[White "Juhnke, Juergen"]
[Black "Waltenberger, Udo"]
[Result "1/2-1/2"]
[WhiteElo "2240"]
[BlackElo "1994"]
[PlyCount "50"]
[EventDate "2022.07.19"]
[EventType "swiss"]
[EventRounds "9"]
[EventCountry "GER"]
[SourceTitle "CBM 209 Extra"]
[Source "ChessBase"]
[SourceDate "2022.09.30"]
[SourceVersion "1"]
[SourceVersionDate "2022.09.30"]
[SourceQuality "1"]

1. e4 c5 2. Nf3 Nc6 3. d4 cxd4 4. Nxd4 g6 5. c4 Nf6 6. Nc3 d6 7. f3 Nxd4 8. Qxd4 Bg7 9. Be3 0-0 10. Qd2 Be6 11. Rc1 Qa5 12. Bd3 Rfc8 13. b3 a6 14. Ne2 Qxd2+ 15. Kxd2 b5 16. Nd4 Bd7 17. cxb5 Rxc1 18. Rxc1 e5 19. Nc6 axb5 20. Nb4 d5 21. exd5 Bf8 22. d6 e4 23. fxe4 Bxd6 24. Bc5 Bf4+ 25. Be3 Bd6 1/2-1/2

[Event "Altenkirchen Seniors op 19th"]
[Site "Altenkirchen"]
[Date "2022.07.23"]
[Round "5"]
[White "Waltenberger, Udo"]
[Black "Weidlich, Guenter"]
[Result "1/2-1/2"]
[WhiteElo "1994"]
[BlackElo "2157"]
[PlyCount "26"]
[EventDate "2022.07.19"]
[EventType "swiss"]
[EventRounds "9"]
[EventCountry "GER"]
[SourceTitle "CBM 209 Extra"]
[Source "ChessBase"]
[SourceDate "2022.09.30"]
[SourceVersion "1"]
[SourceVersionDate "2022.09.30"]
[SourceQuality "1"]

1. Nf3 d6 2. d4 Bg4 3. Nbd2 g6 4. g3 Bg7 5. Bg2 Qc8 6. 0-0 Bh3 7. Re1 Bxg2 8. Kxg2 e6 9. e4 Ne7 10. c3 0-0 11. Qe2 Nd7 12. e5 dxe5 13. Nxe5 Nf6 1/2-1/2

[Event "Bad Griesbach Seniors op 23rd"]
[Site "Bad Griesbach"]
[Date "2021.11.19"]
[Round "6"]
[White "Waltenberger, Udo"]
[Black "Johnsen, Gunnar"]
[Result "0-1"]
[WhiteElo "2006"]
[BlackElo "2178"]
[PlyCount "132"]
[EventDate "2021.11.14"]
[EventType "swiss"]
[EventRounds "7"]
[EventCountry "GER"]
[SourceTitle "EXT 2024"]
[Source "ChessBase"]
[SourceDate "2023.10.10"]
[SourceVersion "1"]
[SourceVersionDate "2023.10.10"]
[SourceQuality "1"]

1. Nf3 f5 2. g3 Nf6 3. Bg2 g6 4. d4 Bg7 5. 0-0 0-0 6. c4 d6 7. Nc3 c6 8. Rb1 a5 9. Qb3 Kh8 10. Rd1 Qc7 11. c5 Ne4 12. Ng5 Nxg5 13. Bxg5 h6 14. Be3 Nd7 15. cxd6 exd6 16. Rbc1 Nf6 17. Nd5 Nxd5 18. Bxd5 Qe7 19. Bf3 Be6 20. d5 Bg8 21. Bd4 Bxd4 22. Rxd4 c5 23. Rd2 a4 24. Qd3 Rfe8 25. Rc4 Qf6 26. e4 b5 27. Rc1 f4 28. Bg2 b4 29. Re1 a3 30. b3 Re5 31. gxf4 Qxf4 32. Qe3 Rf8 33. Rd3 Qxe3 34. Rexe3 Kg7 35. Rg3 Rf4 36. Rde3 Bf7 37. f3 Bxd5 38. Bf1 Bf7 39. Kf2 g5 40. Bc4 Bxc4 41. bxc4 Kf6 42. Rg1 Ke7 43. h3 Kd7 44. Rb1 Kc6 45. Rbb3 Kb6 46. Rbd3 Kc7 47. Rb3 Rf8 48. Kg3 h5 49. Red3 Rf4 50. Rd2 Rf6 51. Rbd3 Rg6 52. Re2 d5 53. Rxd5 Rxd5 54. exd5 Kd6 55. Re3 Rf6 56. Re2 Rf4 57. Rc2 Rd4 58. Kg2 Ke5 59. Re2+ Kf4 60. Kf2 Rd1 61. Re4+ Kf5 62. Re2 Rd4 63. Rc2 Ke5 64. Re2+ Kd6 65. Rc2 Rd1 66. Kg2 Rb1 0-1

[Event "GER-ch Seniors 65 32nd"]
[Site "Magdeburg"]
[Date "2020.08.22"]
[Round "9"]
[White "Waltenberger, Udo"]
[Black "Postler, Reinhard"]
[Result "0-1"]
[WhiteElo "2005"]
[BlackElo "2238"]
[PlyCount "52"]
[EventDate "2020.08.14"]
[EventType "swiss"]
[EventRounds "9"]
[EventCountry "GER"]
[SourceTitle "EXT 2021"]
[Source "ChessBase"]
[SourceDate "2020.10.23"]
[SourceVersion "1"]
[SourceVersionDate "2020.10.23"]
[SourceQuality "1"]

1. e4 c5 2. Nf3 e6 3. c3 Nf6 4. e5 Nd5 5. d4 cxd4 6. Qxd4 Nc6 7. Qe4 d6 8. Nbd2 dxe5 9. Nxe5 Qc7 10. Ndf3 Bd6 11. Nc4 Be7 12. Bd3 b6 13. Nce5 Bb7 14. Bb5 Bd6 15. Nxc6 Bxc6 16. Nd4 Bd7 17. Nxe6 fxe6 18. Qxe6+ Ne7 19. Qe4 Bc6 20. Bxc6+ Qxc6 21. Qg4 0-0 22. Bg5 Nf5 23. 0-0-0 Rac8 24. Rhe1 b5 25. Rd3 g6 26. Re6 Bf4+ 0-1

[Event "GER-ch Seniors 65 32nd"]
[Site "Magdeburg"]
[Date "2020.08.20"]
[Round "7"]
[White "Waltenberger, Udo"]
[Black "Buchal, Stephan"]
[Result "1/2-1/2"]
[WhiteElo "2005"]
[BlackElo "2280"]
[PlyCount "79"]
[EventDate "2020.08.14"]
[EventType "swiss"]
[EventRounds "9"]
[EventCountry "GER"]
[SourceTitle "EXT 2021"]
[Source "ChessBase"]
[SourceDate "2020.10.23"]
[SourceVersion "1"]
[SourceVersionDate "2020.10.23"]
[SourceQuality "1"]

1. d4 d6 2. Nf3 g6 3. g3 Bg7 4. Bg2 Nf6 5. 0-0 0-0 6. c4 Nc6 7. Nc3 a6 8. d5 Na5 9. b3 c5 10. dxc6 bxc6 11. Bb2 Rb8 12. Nd4 c5 13. Nc6 Nxc6 14. Bxc6 Bh3 15. Bg2 Qd7 16. Qd2 Bxg2 17. Kxg2 Qc6+ 18. f3 e6 19. e4 Rbd8 20. Rad1 Rd7 21. Qc1 Ne8 22. Na4 f5 23. Bxg7 Nxg7 24. e5 dxe5 25. Rxd7 Qxd7 26. Rd1 Qc6 27. Qe3 e4 28. fxe4 f4 29. gxf4 e5 30. Rd5 exf4 31. Qf3 Ne6 32. Kf1 Qc7 33. Qg4 Re8 34. e5 Qe7 35. Nc3 Nc7 36. e6 Qxe6 37. Qxe6+ Nxe6 38. Ne4 Re7 39. Nxc5 Nxc5 40. Rxc5 1/2-1/2

[Event "Arber Seniors op 6th"]
[Site "Bayerisch Eisenstein"]
[Date "2018.08.03"]
[Round "7"]
[White "Waltenberger, Udo"]
[Black "Ketzscher, Roland"]
[Result "1/2-1/2"]
[WhiteElo "2018"]
[BlackElo "1907"]
[PlyCount "83"]
[EventDate "2018.07.28"]
[EventType "swiss"]
[EventRounds "9"]
[EventCountry "GER"]
[SourceTitle "CBM 185 Extra"]
[Source "ChessBase"]
[SourceDate "2018.07.29"]
[SourceVersion "1"]
[SourceVersionDate "2018.07.29"]
[SourceQuality "1"]

1. d4 Nf6 2. Nf3 d5 3. g3 e6 4. Bg2 Be7 5. 0-0 0-0 6. b3 c6 7. c4 b6 8. Bb2 Bb7 9. Nc3 Nbd7 10. Qc2 Rc8 11. Rfd1 Qc7 12. Rac1 Qb8 13. Qb1 Qa8 14. e3 c5 15. cxd5 Nxd5 16. Nxd5 Bxd5 17. Ne1 Bxg2 18. Nxg2 cxd4 19. Bxd4 Bf6 20. Bxf6 Nxf6 21. Qb2 h6 22. Nf4 Ne4 23. h4 Rfd8 24. Rxc8 Qxc8 25. Rxd8+ Qxd8 26. Kg2 Qd1 27. Qe2 Qb1 28. Qd3 Qxd3 29. Nxd3 Kf8 30. a4 Ke7 31. Ne5 a5 32. Nc4 Nc5 33. Nxb6 Nxb3 34. Nc4 Nc5 35. Nxa5 Nxa4 36. Nc4 Nc5 37. g4 f6 38. f4 g6 39. Kf3 Nd3 40. Ke2 Nc5 41. Kf3 Nd3 42. Ke2 1/2-1/2

[Event "Sachsen-ch Seniors op"]
[Site "Dresden"]
[Date "2016.11.05"]
[Round "6"]
[White "Waltenberger, Udo"]
[Black "Kempe, Rainer"]
[Result "1-0"]
[WhiteElo "2047"]
[BlackElo "1989"]
[PlyCount "95"]
[EventDate "2016.10.31"]
[EventType "swiss"]
[EventRounds "9"]
[EventCountry "GER"]
[SourceTitle "EXT 2019"]
[Source "ChessBase"]
[SourceDate "2018.10.10"]
[SourceVersion "1"]
[SourceVersionDate "2018.10.10"]
[SourceQuality "1"]

1. d4 d5 2. Nf3 Nf6 3. g3 c6 4. Bg2 Bf5 5. 0-0 e6 6. c4 Nbd7 7. Nc3 Bd6 8. b3 0-0 9. Bb2 Re8 10. Re1 Ne4 11. Nd2 Ndf6 12. f3 Nxd2 13. Qxd2 e5 14. cxd5 exd4 15. Ne4 Nxe4 16. fxe4 Bxe4 17. dxc6 bxc6 18. Qxd4 Be5 19. Qxd8 Raxd8 20. Bxe5 Rxe5 21. Bxe4 Rxe4 22. Rac1 Re6 23. Red1 Rdd6 24. Rxd6 Rxd6 25. Kf2 Kf8 26. Rc2 Ke7 27. e4 Kd7 28. Ke3 f6 29. Rc4 Kc7 30. Rd4 c5 31. Rxd6 Kxd6 32. a4 Ke5 33. a5 a6 34. Kd3 h5 35. Kc4 g5 36. Kxc5 Kxe4 37. b4 f5 38. b5 f4 39. gxf4 gxf4 40. bxa6 f3 41. a7 f2 42. a8Q+ Ke3 43. Qf8 Ke2 44. a6 f1Q 45. Qxf1+ Kxf1 46. a7 Kg2 47. h4 Kg3 48. a8Q 1-0

[Event "Leipzig VfB op 23rd"]
[Site "Leipzig"]
[Date "2016.03.19"]
[Round "7"]
[White "Pietzsch, Manuel"]
[Black "Waltenberger, Udo"]
[Result "1/2-1/2"]
[WhiteElo "2127"]
[BlackElo "2026"]
[PlyCount "111"]
[EventDate "2016.03.15"]
[EventType "swiss"]
[EventRounds "9"]
[EventCountry "GER"]
[SourceTitle "EXT 2017"]
[Source "ChessBase"]
[SourceDate "2016.10.25"]
[SourceVersion "1"]
[SourceVersionDate "2016.10.25"]
[SourceQuality "1"]

1. e4 c5 2. Nf3 Nc6 3. d4 cxd4 4. c3 Nf6 5. e5 Nd5 6. Bc4 Nb6 7. Bb3 d6 8. exd6 Qxd6 9. 0-0 Be6 10. Na3 Rc8 11. Nb5 Qd7 12. Bxe6 Qxe6 13. Bf4 Qd7 14. Qe2 d3 15. Qe4 e6 16. Rad1 Qd5 17. Qxd3 Qxd3 18. Rxd3 Nd5 19. Bd6 Rd8 20. Bxf8 Rxf8 21. Rfd1 Ke7 22. g3 a6 23. Nbd4 Nxd4 24. Nxd4 Rd7 25. c4 Nf6 26. Kf1 Rfd8 27. Ke2 g6 28. b4 e5 29. Nb3 Rxd3 30. Rxd3 Rxd3 31. Kxd3 Kd7 32. f3 Kc6 33. a4 Nd7 34. b5+ axb5 35. cxb5+ Kd5 36. a5 Nb8 37. Kc3 f5 38. Kd3 g5 39. h4 g4 40. fxg4 fxg4 41. Nd2 Kc5 42. a6 bxa6 43. bxa6 Nxa6 44. Ne4+ Kd5 45. Nf6+ Ke6 46. Nxh7 Nc5+ 47. Ke3 Kf5 48. Ng5 Nd7 49. Nf7 Ke6 50. Ng5+ Kf5 51. Ne4 Ke6 52. Kd3 Kf5 53. Nd6+ Ke6 54. Nc4 Nf6 55. Ne3 Nh5 56. Nxg4 1/2-1/2

[Event "Leipzig VfB op 23rd"]
[Site "Leipzig"]
[Date "2016.03.18"]
[Round "6"]
[White "Waltenberger, Udo"]
[Black "Kuzmin, Yuriy"]
[Result "1/2-1/2"]
[WhiteElo "2026"]
[BlackElo "2183"]
[PlyCount "129"]
[EventDate "2016.03.15"]
[EventType "swiss"]
[EventRounds "9"]
[EventCountry "GER"]
[SourceTitle "EXT 2017"]
[Source "ChessBase"]
[SourceDate "2016.10.25"]
[SourceVersion "1"]
[SourceVersionDate "2016.10.25"]
[SourceQuality "1"]

1. Nf3 d5 2. g3 g6 3. Bg2 Bg7 4. d4 Nf6 5. 0-0 0-0 6. c4 c6 7. cxd5 cxd5 8. Nc3 Nc6 9. Ne5 e6 10. Nxc6 bxc6 11. Na4 Nd7 12. Bf4 Ba6 13. b4 Qe7 14. Rb1 f6 15. Be3 Bc4 16. Qc2 Rfb8 17. a3 a5 18. bxa5 Qxa3 19. Nb6 Nxb6 20. Rxb6 Rc8 21. Bd2 f5 22. Bb4 Qa2 23. Qxa2 Bxa2 24. e3 Bf6 25. Rc1 Bc4 26. Bf1 Bd8 27. Rb7 Bxf1 28. Kxf1 Ra6 29. Be1 Bc7 30. Rcb1 Kf8 31. Bb4+ Ke8 32. Bc5 Kd7 33. Bb6 Raa8 34. Ba7 Kd8 35. a6 Kd7 36. Ra1 g5 37. h3 f4 38. gxf4 gxf4 39. Ke2 fxe3 40. fxe3 e5 41. dxe5 Ke6 42. Bd4 Bxe5 43. Rxh7 Bxd4 44. exd4 c5 45. dxc5 Rxc5 46. a7 Rb5 47. h4 Rb3 48. h5 Kf6 49. Ra6+ Ke5 50. h6 Rb2+ 51. Kd3 Rb3+ 52. Kc2 Rh3 53. Rc7 Rh2+ 54. Kb1 d4 55. Rb6 d3 56. Rb8 Rh1+ 57. Kb2 d2 58. Rxa8 d1Q 59. Re8+ Kf6 60. Rf8+ Kg5 61. Rg8+ Kf6 62. Rc6+ Kf5 63. Rf8+ Ke5 64. Re8+ Kf5 65. Rf8+ 1/2-1/2

[Event "Leipzig VfB op 23rd"]
[Site "Leipzig"]
[Date "2016.03.16"]
[Round "3"]
[White "Schunk, Thomas"]
[Black "Waltenberger, Udo"]
[Result "1/2-1/2"]
[WhiteElo "2197"]
[BlackElo "2026"]
[PlyCount "113"]
[EventDate "2016.03.15"]
[EventType "swiss"]
[EventRounds "9"]
[EventCountry "GER"]
[SourceTitle "EXT 2017"]
[Source "ChessBase"]
[SourceDate "2016.10.25"]
[SourceVersion "1"]
[SourceVersionDate "2016.10.25"]
[SourceQuality "1"]

1. c4 c5 2. Nf3 Nc6 3. d4 cxd4 4. Nxd4 g6 5. e4 Nf6 6. Nc3 d6 7. Be2 Nxd4 8. Qxd4 Bg7 9. 0-0 0-0 10. Qd2 Be6 11. Rb1 Qa5 12. b3 Rfc8 13. Qd3 b5 14. Nxb5 Nxe4 15. Bf3 f5 16. Nd4 Bf7 17. Be3 e5 18. Nc2 d5 19. b4 dxc4 20. Qxe4 fxe4 21. bxa5 exf3 22. Nb4 e4 23. a3 c3 24. Rfc1 Bc4 25. Nc2 Rd8 26. Rb4 Bd3 27. Ne1 fxg2 28. Kxg2 Rdc8 29. f3 exf3+ 30. Nxf3 a6 31. Bd4 Bxd4 32. Rxd4 Bf5 33. Nh4 Rc5 34. Nxf5 gxf5 35. Rc2 Rb8 36. Rb4 Rd8 37. Rb3 Rd2+ 38. Rxd2 cxd2 39. Rd3 Rxa5 40. Rxd2 Rxa3 41. Rd5 f4 42. Rd7 a5 43. Rd4 f3+ 44. Kg3 Kf7 45. Rd6 Kg7 46. h4 h5 47. Ra6 a4 48. Ra5 Kg6 49. Ra6+ Kf5 50. Ra5+ Ke4 51. Rxh5 Ra2 52. Ra5 a3 53. h5 Rg2+ 54. Kh3 a2 55. h6 Rg6 56. Ra4+ Ke3 57. Ra3+ 1/2-1/2

[Event "Bad Woerishofen Seniors op 32nd"]
[Site "Bad Woerishofen"]
[Date "2016.03.01"]
[Round "5"]
[White "Krieger, Hermann"]
[Black "Waltenberger, Udo"]
[Result "1/2-1/2"]
[WhiteElo "2172"]
[BlackElo "2026"]
[PlyCount "112"]
[EventDate "2016.02.26"]
[EventType "swiss"]
[EventRounds "9"]
[EventCountry "GER"]
[SourceTitle "EXT 2019"]
[Source "ChessBase"]
[SourceDate "2018.10.10"]
[SourceVersion "1"]
[SourceVersionDate "2018.10.10"]
[SourceQuality "1"]

1. e4 c5 2. Nf3 Nc6 3. d4 cxd4 4. Nxd4 g6 5. c4 Nf6 6. Nc3 d6 7. Be2 Nxd4 8. Qxd4 Bg7 9. Be3 0-0 10. Qd2 Be6 11. 0-0 Qa5 12. f3 Rfc8 13. Nd5 Qxd2 14. Bxd2 Nxd5 15. exd5 Bd7 16. Be3 b6 17. Bc1 Bd4+ 18. Kh1 e5 19. Rd1 Rc7 20. g4 Rac8 21. Rb1 a6 22. b3 b5 23. Bd2 f5 24. h3 Rb7 25. Rbc1 b4 26. Bg5 Bc5 27. Rc2 a5 28. Bd3 f4 29. Bh4 a4 30. Bf2 axb3 31. axb3 Ra7 32. Kg2 Ra3 33. Rb2 Bxf2 34. Kxf2 Rc5 35. Bb1 Kf7 36. Ke2 Ke7 37. Rh1 Be8 38. h4 h6 39. Rg1 Kd8 40. Rd1 Kc7 41. Kf2 Kb6 42. Ke2 Rc8 43. Rd3 Kc5 44. Kd1 Bf7 45. Rdd2 Rh8 46. Kc1 Raa8 47. Re2 g5 48. h5 Ra3 49. Red2 Rha8 50. Kd1 R8a7 51. Ke2 Bg8 52. Bf5 Bh7 53. Bxh7 Rxh7 54. Kd3 Rha7 55. Ke4 Rf7 56. Rb1 Rf8 1/2-1/2

[Event "Bad Woerishofen Seniors op 32nd"]
[Site "Bad Woerishofen"]
[Date "2016.02.28"]
[Round "3"]
[White "Neumann, Erwin"]
[Black "Waltenberger, Udo"]
[Result "0-1"]
[WhiteElo "1870"]
[BlackElo "2026"]
[PlyCount "98"]
[EventDate "2016.02.26"]
[EventType "swiss"]
[EventRounds "9"]
[EventCountry "GER"]
[SourceTitle "EXT 2019"]
[Source "ChessBase"]
[SourceDate "2018.10.10"]
[SourceVersion "1"]
[SourceVersionDate "2018.10.10"]
[SourceQuality "1"]

1. e4 c5 2. c3 Nf6 3. e5 Nd5 4. Nf3 Nc6 5. d4 cxd4 6. Bc4 Nb6 7. Bb3 d6 8. exd6 Qxd6 9. 0-0 Be6 10. Bxe6 Qxe6 11. Na3 Qd5 12. cxd4 e6 13. Nc2 Be7 14. Bf4 0-0 15. Ne3 Qd7 16. Qd3 Nd5 17. Bg3 Rac8 18. Rad1 Rfd8 19. a3 Bf6 20. Ng4 Be7 21. Nge5 Qe8 22. Qb5 Nxe5 23. Qxe8+ Rxe8 24. dxe5 Rc2 25. Rd2 Rec8 26. Rb1 Rxd2 27. Nxd2 Bg5 28. Ne4 Rc1+ 29. Rxc1 Bxc1 30. Nc5 Bxb2 31. Nxb7 Bxa3 32. Nd6 a5 33. Nc4 Bb4 34. f3 a4 35. Bf2 a3 36. Bd4 a2 37. Ba1 Bc3 38. Nb2 Bxb2 39. Bxb2 Nb4 40. Kf1 Nc2 41. Ke2 a1Q 42. Bxa1 Nxa1 43. Kd3 Nb3 44. h4 h5 45. g4 g6 46. gxh5 gxh5 47. Ke4 Kg7 48. Kf4 Kg6 49. Ke4 Na5 0-1

[Event "Bad Woerishofen Seniors op 32nd"]
[Site "Bad Woerishofen"]
[Date "2016.02.26"]
[Round "1"]
[White "Collins, Alan"]
[Black "Waltenberger, Udo"]
[Result "0-1"]
[WhiteElo "1753"]
[BlackElo "2026"]
[PlyCount "92"]
[EventDate "2016.02.26"]
[EventType "swiss"]
[EventRounds "9"]
[EventCountry "GER"]
[SourceTitle "EXT 2019"]
[Source "ChessBase"]
[SourceDate "2018.10.10"]
[SourceVersion "1"]
[SourceVersionDate "2018.10.10"]
[SourceQuality "1"]

1. c4 c5 2. Nc3 Nc6 3. g3 g6 4. Bg2 Bg7 5. a3 e6 6. Rb1 a5 7. Nf3 Nge7 8. 0-0 0-0 9. d3 Rb8 10. Bf4 e5 11. Bd2 d6 12. Ne1 Be6 13. Nc2 d5 14. cxd5 Nxd5 15. Nxd5 Bxd5 16. Bxd5 Qxd5 17. b4 axb4 18. axb4 cxb4 19. Nxb4 Nxb4 20. Bxb4 Rfc8 21. Qd2 Bf8 22. Bxf8 Kxf8 23. Rb6 Rc6 24. Rfb1 Rxb6 25. Rxb6 Ra8 26. Qb4+ Kg7 27. Qe4 Qxe4 28. dxe4 Rb8 29. Kf1 Kf8 30. Ke1 Ke7 31. Kd2 Kd7 32. Kc3 Rc8+ 33. Kd3 Kc7 34. Rf6 Rd8+ 35. Kc4 Rd7 36. Kc5 Kd8 37. Rd6 Ke7 38. Rxd7+ Kxd7 39. Kb6 Kc8 40. f4 exf4 41. gxf4 f6 42. e5 fxe5 43. fxe5 Kd7 44. Kxb7 Ke6 45. Kc7 g5 46. Kd8 h5 0-1

[Event "Friedrichroda op 18th"]
[Site "Friedrichroda"]
[Date "2014.08.14"]
[Round "3"]
[White "Waltenberger, Udo"]
[Black "Mehlhorn, Uwe"]
[Result "1/2-1/2"]
[WhiteElo "1993"]
[BlackElo "2140"]
[PlyCount "89"]
[EventDate "2014.08.13"]
[EventType "swiss"]
[EventRounds "7"]
[EventCountry "GER"]
[SourceTitle "CBM 162 Extra"]
[Source "ChessBase"]
[SourceDate "2014.10.17"]
[SourceVersion "1"]
[SourceVersionDate "2014.10.17"]
[SourceQuality "1"]

1. Nf3 b5 2. g3 Bb7 3. Bg2 e6 4. a4 b4 5. c4 d5 6. cxd5 Bxd5 7. d4 Nf6 8. Nbd2 c5 9. dxc5 Bxc5 10. e3 0-0 11. 0-0 Nbd7 12. b3 Rc8 13. Bb2 Qb6 14. Nd4 Bxg2 15. Kxg2 Rfd8 16. Nc4 Qb8 17. Qf3 Bxd4 18. Bxd4 Nd5 19. e4 Ne7 20. Rfd1 Nc6 21. Bb2 Nde5 22. Nxe5 Nxe5 23. Bxe5 Qxe5 24. Rxd8+ Rxd8 25. Rc1 g6 26. Qe3 Rd4 27. Rc2 Kg7 28. f4 Rxe4 29. Qxa7 Re2+ 30. Rxe2 Qxe2+ 31. Qf2 Qe4+ 32. Qf3 Qc2+ 33. Kg1 h5 34. Qe3 Kf8 35. h3 Ke8 36. g4 hxg4 37. hxg4 Qd1+ 38. Kf2 Qxg4 39. Qe4 g5 40. Qa8+ Ke7 41. Qa7+ Kf8 42. Qc5+ Ke8 43. Qc8+ Ke7 44. Qc7+ Ke8 45. Qc8+ 1/2-1/2

[Event "Seebach op 23rd"]
[Site "Grossenseebach"]
[Date "2012.06.10"]
[Round "7"]
[White "Walter, Thomas"]
[Black "Waltenberger, Udo"]
[Result "1-0"]
[WhiteElo "2090"]
[BlackElo "1992"]
[PlyCount "93"]
[EventDate "2012.06.07"]
[EventType "swiss"]
[EventRounds "7"]
[EventCountry "GER"]
[SourceTitle "EXT 2013"]
[Source "ChessBase"]
[SourceDate "2012.11.22"]
[SourceVersion "1"]
[SourceVersionDate "2012.11.22"]
[SourceQuality "1"]

1. e4 c5 2. Nf3 Nc6 3. d4 cxd4 4. Nxd4 g6 5. Nc3 Bg7 6. Be3 Nf6 7. Bc4 0-0 8. Bb3 a5 9. 0-0 d6 10. f3 Bd7 11. a4 Nxd4 12. Bxd4 Bc6 13. Qe2 Nd7 14. Be3 Nc5 15. Bc4 Qd7 16. Bb5 Rad8 17. Rfd1 Bxb5 18. axb5 b6 19. Bxc5 bxc5 20. Rxa5 Ra8 21. Rda1 Qb7 22. Qc4 Rxa5 23. Rxa5 Ra8 24. Qa4 Rxa5 25. Qxa5 Bd4+ 26. Kf1 Kg7 27. Qa6 Qd7 28. Ke2 f5 29. b6 fxe4 30. Nxe4 d5 31. b7 Qc7 32. Qb5 Qxh2 33. b8Q Qxg2+ 34. Ke1 dxe4 35. Qe2 Qg1+ 36. Kd2 Qg5+ 37. f4 e3+ 38. Kd3 Qd5 39. Qb3 Qf5+ 40. Kc4 Qxf4 41. Qbd3 Qf7+ 42. Kb5 Qd5 43. Ka4 Qa8+ 44. Qa6 Qe4 45. Qed3 Qh4 46. Kb3 Qf2 47. Qe6 1-0

[Event "Seebach op 23rd"]
[Site "Grossenseebach"]
[Date "2012.06.09"]
[Round "6"]
[White "Waltenberger, Udo"]
[Black "Bunk, Karsten"]
[Result "1-0"]
[WhiteElo "1992"]
[BlackElo "2084"]
[PlyCount "133"]
[EventDate "2012.06.07"]
[EventType "swiss"]
[EventRounds "7"]
[EventCountry "GER"]
[SourceTitle "EXT 2013"]
[Source "ChessBase"]
[SourceDate "2012.11.22"]
[SourceVersion "1"]
[SourceVersionDate "2012.11.22"]
[SourceQuality "1"]

1. d4 g6 2. g3 Bg7 3. Nf3 Nf6 4. Bg2 0-0 5. c4 d6 6. 0-0 c6 7. Nc3 Nbd7 8. h3 Qc7 9. e4 a6 10. a4 Rb8 11. Be3 e5 12. dxe5 dxe5 13. a5 b5 14. axb6 Nxb6 15. b3 Rd8 16. Qc2 Nbd7 17. Rfd1 Bf8 18. Na4 Re8 19. Nd2 Bb4 20. c5 Bxd2 21. Rxd2 Rb4 22. Nb6 Nf8 23. Nxc8 Qxc8 24. Rd6 Kg7 25. Bd2 Rd4 26. Rxd4 exd4 27. Qd3 Ne6 28. b4 Nd7 29. f4 Rd8 30. Qxa6 Qc7 31. Qd3 h6 32. Be1 h5 33. Qd2 Nf6 34. Ra3 Qe7 35. Bf2 Qd7 36. Rd3 Qa7 37. f5 Qa1+ 38. Qd1 Qxd1+ 39. Rxd1 Nc7 40. Rxd4 Ra8 41. Rd1 gxf5 42. exf5 Nfd5 43. Bxd5 cxd5 44. Bd4+ f6 45. Be3 Rd8 46. Kf2 Nb5 47. c6 d4 48. Bf4 Nc3 49. Rd3 Nb5 50. c7 Ra8 51. Kf3 Kf7 52. Ke4 Ke7 53. Rxd4 Nxd4 54. Kxd4 Kd7 55. b5 Ra4+ 56. Kc5 h4 57. b6 Kc8 58. Kd5 hxg3 59. Bxg3 Rb4 60. Bf2 Kb7 61. Ke6 Rf4 62. Bg1 Rh4 63. Kxf6 Rxh3 64. Ke7 Rh8 65. Bc5 Rh1 66. Bd6 Kxb6 67. Kd7 1-0

[Event "Seebach op 23rd"]
[Site "Grossenseebach"]
[Date "2012.06.08"]
[Round "3"]
[White "Sroka, Dieter"]
[Black "Waltenberger, Udo"]
[Result "0-1"]
[WhiteElo "1644"]
[BlackElo "1992"]
[PlyCount "50"]
[EventDate "2012.06.07"]
[EventType "swiss"]
[EventRounds "7"]
[EventCountry "GER"]
[SourceTitle "EXT 2013"]
[Source "ChessBase"]
[SourceDate "2012.11.22"]
[SourceVersion "1"]
[SourceVersionDate "2012.11.22"]
[SourceQuality "1"]

1. d4 Nf6 2. c4 g6 3. Nc3 d5 4. Nf3 Bg7 5. Qb3 dxc4 6. Qxc4 0-0 7. e4 c6 8. Be2 Qa5 9. 0-0 Be6 10. Qd3 Rd8 11. b4 Qxb4 12. Rb1 Qa5 13. Rxb7 Nbd7 14. Qa6 Qxc3 15. Bb2 Qc2 16. Bd3 Nc5 17. Bxc2 Nxa6 18. Ne5 Rdb8 19. Rxb8+ Rxb8 20. Bc3 Bf8 21. Rb1 Rxb1+ 22. Bxb1 Nb8 23. f3 Nfd7 24. Nxd7 Nxd7 25. Kf2 f6 0-1

[Event "Seebach op 23rd"]
[Site "Grossenseebach"]
[Date "2012.06.08"]
[Round "4"]
[White "Waltenberger, Udo"]
[Black "Behnke, Michael"]
[Result "1-0"]
[WhiteElo "1992"]
[BlackElo "1665"]
[PlyCount "76"]
[EventDate "2012.06.07"]
[EventType "swiss"]
[EventRounds "7"]
[EventCountry "GER"]
[SourceTitle "EXT 2013"]
[Source "ChessBase"]
[SourceDate "2012.11.22"]
[SourceVersion "1"]
[SourceVersionDate "2012.11.22"]
[SourceQuality "1"]

1. d4 Nf6 2. g3 c6 3. Bg2 g6 4. e4 d6 5. c4 Bg7 6. Nc3 0-0 7. h3 Nbd7 8. Nf3 e5 9. 0-0 Re8 10. Be3 exd4 11. Nxd4 Nc5 12. Qc2 a5 13. Rad1 Qe7 14. Rfe1 Bd7 15. Nb3 Nxb3 16. axb3 Nh5 17. g4 Nf6 18. Bf4 Rad8 19. Bxd6 Qe6 20. Qe2 Bc8 21. e5 Nd7 22. Bc7 f6 23. Bxd8 Rxd8 24. exf6 Qxe2 25. Rxe2 Bxf6 26. Ne4 Rf8 27. Nxf6+ Nxf6 28. Red2 Be6 29. Rd8 h5 30. Rxf8+ Kxf8 31. g5 Nd7 32. Re1 Kf7 33. h4 Nc5 34. Re3 Bf5 35. Bh3 Ne4 36. Bxf5 gxf5 37. Kg2 b5 38. Rxe4 fxe4 1-0